Estatísticas para Países do Mundo - Em 20 minutos

Clique aqui para jogar o quiz

Estatísticas Gerais

  • Esse quiz foi jogado 23 071 vezes
  • A pontuação média é 131 de 196

Respostas no mapa

Respostas codificadas por cores de uma escala verde-vermelha no mapa do quiz de acordo com a % correta abaixo.
 

Estatísticas das Respostas

País% Correto
Brasil
96%
Argentina
94%
Canadá
94%
Estados Unidos
94%
Chile
93%
França
93%
México
93%
Rússia
92%
Uruguai
92%
China
91%
Paraguai
91%
Austrália
90%
Bolívia
90%
Colômbia
90%
Espanha
90%
Peru
90%
Portugal
90%
Venezuela
90%
Alemanha
89%
Itália
89%
Japão
89%
África do Sul
88%
Equador
88%
Coreia do Norte
87%
Coreia do Sul
87%
Guiana
87%
Índia
87%
Reino Unido
87%
Egito
85%
Dinamarca
84%
Suécia
84%
Suíça
84%
Suriname
84%
Ucrânia
84%
Cuba
83%
Irlanda
83%
Finlândia
82%
Grécia
82%
Madagáscar
82%
Noruega
81%
Países Baixos
81%
Bélgica
80%
Irão
80%
Marrocos
80%
Nova Zelândia
80%
Polônia
80%
Turquia
80%
Angola
79%
Arábia Saudita
79%
Áustria
78%
Croácia
78%
Islândia
78%
Israel
78%
Panamá
78%
Jamaica
76%
Cazaquistão
75%
Costa Rica
75%
República Democrática
do Congo
75%
República do Congo
75%
Honduras
74%
Indonésia
74%
Níger
74%
Vaticano
74%
Argélia
73%
Bielorrússia
73%
Eslováquia
73%
Haiti
73%
Iraque
73%
Paquistão
73%
Afeganistão
72%
Eslovénia
72%
Lituânia
72%
Catar
71%
Estônia
71%
Guiné
71%
Mongólia
71%
República Checa
71%
Camarões
70%
Romênia
70%
Sudão
70%
Tailândia
70%
Albânia
69%
El Salvador
69%
Filipinas
69%
Guatemala
69%
Hungria
69%
Letónia
69%
Nicarágua
69%
Bahamas
68%
Emirados Árabes
Unidos
68%
Nigéria
68%
República Dominicana
68%
Vietname
68%
Moçambique
67%
Sérvia
67%
Bósnia e Herzegovina
66%
Etiópia
66%
Nepal
66%
Papua Nova Guiné
66%
Tunísia
66%
Butão
65%
Chipre
65%
Luxemburgo
65%
Omã
65%
Senegal
65%
Andorra
64%
Bulgária
64%
Somália
64%
Belize
63%
Cabo Verde
63%
Gana
63%
Líbia
63%
Síria
63%
Zâmbia
63%
Zimbábue
63%
Armênia
62%
Líbano
62%
Malta
62%
Sudão do Sul
62%
Uzbequistão
62%
Maldivas
61%
Mônaco
61%
Taiwan
61%
Costa do Marfim
60%
Fiji
60%
Jordânia
60%
Kosovo
60%
Laos
60%
Macedónia do Norte
60%
Quênia
60%
Turquemenistão
60%
Azerbaijão
59%
Barbados
59%
Malásia
59%
Montenegro
59%
Bangladesh
58%
Geórgia
58%
Mali
58%
Sri Lanka
58%
Guiné-Bissau
57%
Iémen
57%
Guiné Equatorial
56%
Moldávia
56%
Trinidad e Tobago
56%
Botswana
54%
Camboja
54%
Dominica
54%
Quirguistão
54%
República
Centro-Africana
54%
Uganda
54%
Chade
53%
San Marino
53%
Singapura
53%
Tanzânia
53%
Lesoto
52%
Ruanda
52%
São Tomé e Príncipe
52%
Togo
52%
Estados Federados da
Micronésia
51%
Mauritânia
51%
Namíbia
51%
Antígua e Barbuda
50%
Birmânia
50%
Eritreia
49%
Gabão
49%
Ilhas Marshall
49%
Kuweit
49%
Libéria
49%
Liechtenstein
49%
Santa Lúcia
49%
Serra Leoa
49%
Granada
48%
Tajiquistão
48%
Ilhas Salomão
47%
Malawi
47%
Maurícia
47%
Palau
47%
Tuvalu
47%
Brunei
46%
Benim
45%
Burkina Faso
44%
Gâmbia
44%
São Cristóvão
e Nevis
44%
São Vicente e
Granadinas
44%
Tonga
44%
Bahrein
43%
Comores
43%
Timor-Leste
43%
Vanuatu
43%
Burundi
42%
Djibouti
42%
Essuatíni
42%
Kiribati
42%
Samoa
42%
Seychelles
42%
Nauru
41%

Distribuição das Pontuações

Percentil de Números Respondidos

Porcentagem de Pessoas com Cada Pontuação

Sua Pontuação Histórica

Você não jogou esse quiz